Memories- YUNGBLUD feat WILLOW - Statistics

General Stats
  • This quiz has been taken 10 times
  • The average score is 189 of 236
Answer Stats
Answer % Correct
a
100%
all
100%
brain
100%
brain x2
100%
could
100%
I
100%
(I
100%
I'm
100%
in
100%
just
100%
know
100%
know)
100%
knowx2
100%
make
100%
me
100%
memories
100%
my
100%
Of
100%
of
100%
stuck
100%
the
100%
when
100%
When
100%
wish
100%
But
86%
cry,
86%
cry
86%
go
86%
go)
86%
let
86%
(Let
86%
make-believe
86%
never
86%
still
86%
they're
86%
to
86%
you,
86%
you
86%
alone
71%
forever,
71%
forever
71%
gonna
71%
Holding
71%
it
71%
meant
71%
now
71%
run
71%
Runnin' x4
71%
said
71%
wake
71%
wanted
71%
always
57%
and
57%
asleep,
57%
be
57%
can't
57%
choke x2
57%
dark
57%
dead
57%
Dreams
57%
drop
57%
Everytime
57%
fall
57%
fuckin'
57%
I'll
57%
instead
57%
is
57%
little
57%
more
57%
right
57%
think
57%
throat
57%
tightly
57%
tragedy
57%
up
57%
Watch
57%
what
57%
around
43%
car
43%
'Cause
43%
focusing
43%
front
43%
hand
43%
heart
43%
inside
43%
learn
43%
shame
43%
should
43%
task
43%
thought
43%
through
43%
understand
43%
wanna
43%
would
43%
wrapped
43%
bit,
29%
breaks
29%
bury
29%
call
29%
hypocrite",
29%
really
29%
sand
29%
time
29%
with
29%
at
14%
concede
14%
don't
14%
fantasies
14%
her
14%
or
14%
"Pontificating
14%
this
14%
No matching quizzes found
Score Distribution
Percent of People with Each Score
Percentile by Number Answered
Your Score History
You have not taken this quiz